000 00588nam a2200229Ia 4500
005 20250425162538.0
008 250425s9999 xx 000 0 und d
020 _a0201633469
041 _aeng
082 _a004.62
100 _aSTEVENS, W. RICHARD
245 0 _aTCP/IP IIIUSTRATED: THE PROTOCOLS
250 _aS.E.
260 _aBOSTON
260 _aEstados Unidos
_bADDISON - WESLEY
_c1994
300 _a576
500 _aADDISON-WESLEY PROFESSIONAL COMPUTING SERIES
650 _aPROTOCOLOS DE REDES DE COMPUTADORES
650 _aTCP
942 _c01
010 _a84553
999 _c231409
_d231409